| 000 | 01172ctm a22002417a 4500 | ||
|---|---|---|---|
| 999 |
_c7303 _d7303 |
||
| 003 | OSt | ||
| 005 | 20241104130548.0 | ||
| 008 | 160225q19242007spc|||| |||| 0|0 0dcat|d | ||
| 040 |
_bcat _cCDMR |
||
| 100 | 4 |
_aPerramon i Palmada, Joaquim _ecreador _94643 |
|
| 245 | 1 | 0 | _aFons Joaquim Perramon i Palmada |
| 260 | _c1924-2007 | ||
| 300 | _a1,3 m de documentació textual, paper. 1 unitat d'instal·lació que conté 693 imatges, 16 diplomes, 3 plaques commemoratives, 21 dibuixos i 20 microcassets i 2 carteres de pell | ||
| 506 | _cAccés lliure, amb excepció de la documentació que conté dades protegides per la legislació vigent | ||
| 524 | _aSant Cugat del Vallés, Arxiu Nacional de Catalunya, Fons Joaquim Perramon i Palmada | ||
| 600 | 0 |
_aPerramon i Palmada, Joaquim _xArxius _94643 |
|
| 600 | 0 |
_aPerramon i Palmada, Joaquim _xBiografia _94643 |
|
| 650 | 7 |
_aPeriodistes _zCatalunya _xArxius _2lemac _92400 |
|
| 655 | 7 |
_aManuscrits _2lemac |
|
| 856 |
_uhttps://arxiusenlinia.cultura.gencat.cat/#/cercaavancada/detallfons/ANC1-1167 _zDescripció del fons a l'Arxiu Nacional de Catalunya (ANC1-1167) |
||
| 942 |
_cREF _2udc |
||